header

Studies on the phonological word (Record no. 118617)

MARC details
000 -LEADER
fixed length control field 01878nam a2200397 a 4500
082 04 - DEWEY DECIMAL CLASSIFICATION NUMBER
Classification number 414/.6
245 00 - TITLE STATEMENT
Title Studies on the phonological word
260 ## - PUBLICATION, DISTRIBUTION, ETC. (IMPRINT)
Place of publication Amsterdam ;
-- Philadelphia :
Name of publisher J. Benjamins,
Year of publication c1999.
300 ## - PHYSICAL DESCRIPTION
Number of Pages 297 p. :
Other physical details ill.
490 1# - SERIES STATEMENT
Series statement Amsterdam studies in the theory and history of linguistic science. Series IV, Current issues in linguistic theory,
500 ## - GENERAL NOTE
General note "Most of the following papers were presented at the 'Conference on the Phonological Word', which took place on 24-26 October, 1997 in Berlin"--p. 1.
650 #0 - SUBJECT ADDED ENTRY--TOPICAL TERM
Topical Term Word (Linguistics)
Topical Term Prosodic analysis (Linguistics)
700 1# - ADDED ENTRY--PERSONAL NAME
Personal name Hall, T. Alan.
Personal name Kleinhenz, Ursula.
856 40 - ELECTRONIC LOCATION AND ACCESS
Uniform Resource Identifier http://site.ebrary.com/lib/rucke/Doc?id=10480775

No items available.

© 2026 Rongo University
Contact us: librarian | system librarian | Rongo university